Lengua española

Gespeichert in:
Bibliographische Detailangaben
1. Verfasser: Rogerio Sánchez, J. Autor
Format: keine Angabe
Sprache:Spanisch
Erschienen: Madrid Hernando 1934
Katalog:MANES:  Suchergebnis im Bibliothekskatalog
Schulbuchspezifische Eigenschaften:
Tags: Tag hinzufügen
Keine Tags, Fügen Sie den ersten Tag hinzu!
Hinzugefügt zu:26.04.2016
Geändert in:20.11.2024

MARC

LEADER 000000000a22000000004500
001 17940
003 OSt
005 20241121020146.0
008 160427s sp ||||| |||| 00| 0 spa d
041 1 |a spa 
040 |c centro_manes 
691 7 |a PRI 
691 0 |a SE 
100 1 |a Rogerio Sánchez, J.  |b Autor  |9 11663 
245 0 0 |a Lengua española 
260 3 |a Madrid  |b Hernando  |c 1934 
300 |a 191p  |c 14 * 20 cm 
500 |a ILUSTRACIONES: Contiene dos láminas y algunos grabados. ENCUADERNACIÓN: Cartoné. DESCRIPCIÓN CONTENIDO: Texto didáctico. PALABRAS CLAVE: Texto didáctico. Lengua. NéMERO EJEMPLARES: 1. Nº TOPOGRÁFICO: 2418. CONSERVACIÓN: Buena. 
690 0 |a LEN 
942 |2 ddc  |c BK 
546 |a España 
999 |c 23909  |d 23909 
999 |c manes:23909  |d 23909